[Event "Stevenage 4NCL Easter op"]
[Site "Stevenage"]
[Date "2019.04.19"]
[Round "1"]
[White "Derakhshani, Borna"]
[Black "Cocks, Elliot"]
[Result "1-0"]
[WhiteElo "2316"]
[BlackElo "1944"]
[PlyCount "41"]
[EventDate "2019.04.19"]
[EventType "swiss"]
[EventRounds "7"]
[EventCountry "ENG"]
[SourceTitle "CBM 189 Extra"]
[Source "ChessBase"]
[SourceDate "2019.06.03"]
[SourceVersion "1"]
[SourceVersionDate "2019.06.03"]
[SourceQuality "1"]

1. d4 Nf6 2. Bf4 d5 3. e3 Bf5 4. Nf3 e6 5. Ne5 h6 6. g4 Bh7 7. h4 Nbd7 8. g5 hxg5 9. hxg5 Bxc2 10. Qxc2 Rxh1 11. gxf6 gxf6 12. Nd3 c5 13. dxc5 Nxc5 14. Nxc5 Qa5+ 15. Nc3 Bxc5 16. 0-0-0 Ke7 17. e4 d4 18. Na4 Rc8 19. Kb1 Rhh8 20. Qb3 Kf8 21. Nxc5 1-0

[Event "GBR-ch Major 105th"]
[Site "Hull"]
[Date "2018.08.05"]
[Round "9"]
[White "Jones, Steven"]
[Black "Cocks, Elliot"]
[Result "1/2-1/2"]
[WhiteElo "2203"]
[BlackElo "1985"]
[PlyCount "67"]
[EventDate "2018.07.28"]
[EventType "swiss"]
[EventRounds "9"]
[EventCountry "ENG"]
[SourceTitle "EXT 2019"]
[Source "ChessBase"]
[SourceDate "2018.10.10"]
[SourceVersion "1"]
[SourceVersionDate "2018.10.10"]
[SourceQuality "1"]

1. e4 c5 2. Nf3 e6 3. d4 cxd4 4. Nxd4 Nc6 5. Nc3 Qc7 6. Be3 a6 7. Qd2 Nf6 8. 0-0-0 b5 9. Nxc6 dxc6 10. f3 Be7 11. g4 a5 12. a4 b4 13. Ne2 c5 14. Nf4 Bb7 15. Bc4 Rd8 16. Qg2 Bd6 17. Ne2 0-0 18. h4 Bc6 19. h5 Nd7 20. g5 Ne5 21. Ba2 c4 22. g6 b3 23. gxh7+ Kh8 24. Bb1 bxc2 25. Bxc2 Nd3+ 26. Bxd3 cxd3 27. Rxd3 Bxa4+ 28. Rc3 Qb7 29. Bd4 e5 30. Rg1 f6 31. Bc5 Bxc5 32. Rxc5 Rc8 33. Rxc8 Rxc8+ 34. Nc3 1/2-1/2

[Event "BCF-chT2 1718 (4NCL) Promotion pool"]
[Site "England"]
[Date "2018.03.18"]
[Round "8.17"]
[White "Akeya Price, Robert A"]
[Black "Cocks, Elliot"]
[Result "1-0"]
[WhiteElo "1885"]
[BlackElo "2065"]
[PlyCount "79"]
[EventDate "2017.11.11"]
[EventType "team-tourn"]
[EventRounds "11"]
[EventCountry "ENG"]
[SourceTitle "EXT 2020"]
[Source "ChessBase"]
[SourceDate "2019.10.17"]
[SourceVersion "1"]
[SourceVersionDate "2019.10.17"]
[SourceQuality "1"]
[WhiteTeam "Manx Liberty"]
[BlackTeam "Anglian Avengers"]
[WhiteTeamCountry "ENG"]
[BlackTeamCountry "ENG"]

1. d4 Nf6 2. c4 e6 3. Nf3 d5 4. g3 Bb4+ 5. Bd2 Bd6 6. Qc2 c6 7. Bg2 Nbd7 8. 0-0 0-0 9. b3 Ne4 10. Nc3 f5 11. Qc1 Qe7 12. a4 a5 13. Ng5 Nxd2 14. Qxd2 Bb4 15. f4 Nf6 16. Qc2 Ng4 17. Qd2 c5 18. e3 Nxe3 19. Qxe3 cxd4 20. Qe5 Bxc3 21. cxd5 Ra6 22. Rac1 Kh8 23. Rfd1 Rb6 24. Nf3 Rb4 25. d6 Qf6 26. Qxa5 b6 27. Qe5 Bb7 28. Ng5 Bc8 29. Bc6 Kg8 30. d7 Ba6 31. Qxe6+ Qxe6 32. Nxe6 Rb8 33. d8Q+ Rxd8 34. Nxd8 Be2 35. Re1 d3 36. Rxc3 d2 37. Kf2 d1Q 38. Rxd1 Bxd1 39. Bd5+ Kf8 40. Nc6 1-0

[Event "ENG Terafinal Challengers-A"]
[Site "Daventry"]
[Date "2017.08.13"]
[Round "6"]
[White "Cocks, Elliot"]
[Black "Moreby, James"]
[Result "1/2-1/2"]
[WhiteElo "183"]
[BlackElo "206"]
[PlyCount "20"]
[EventDate "2017.08.12"]
[EventType "swiss"]
[EventRounds "6"]
[EventCountry "ENG"]
[SourceTitle "CBM 179 Extra"]
[Source "ChessBase"]
[SourceDate "2017.08.23"]
[SourceVersion "1"]
[SourceVersionDate "2017.08.23"]
[SourceQuality "1"]

1. Nf3 Nf6 2. g3 g6 3. Bg2 d5 4. 0-0 Bg7 5. c4 c6 6. d4 dxc4 7. Na3 b5 8. Ne5 Nd5 9. b3 c3 10. Qd3 b4 1/2-1/2

[Event "Glorney Cup"]
[Site "Cardiff"]
[Date "2017.07.24"]
[Round "1.9"]
[White "Afraoui, Anaelle"]
[Black "Cocks, Elliot"]
[Result "1-0"]
[WhiteElo "2017"]
[BlackElo "2036"]
[PlyCount "99"]
[EventDate "2017.07.24"]
[EventType "team-tourn"]
[EventRounds "5"]
[EventCountry "WLS"]
[SourceTitle "CBM 179 Extra"]
[Source "ChessBase"]
[SourceDate "2017.08.23"]
[SourceVersion "1"]
[SourceVersionDate "2017.08.23"]
[SourceQuality "1"]
[WhiteTeam "France"]
[BlackTeam "England"]
[WhiteTeamCountry "FRA"]
[BlackTeamCountry "ENG"]

1. e4 c5 2. Nf3 d6 3. d4 cxd4 4. Nxd4 Nf6 5. Nc3 Nc6 6. Bg5 e6 7. Qd2 a6 8. 0-0-0 Bd7 9. Kb1 b5 10. f3 Rc8 11. g4 Ne5 12. f4 b4 13. Bxf6 gxf6 14. Nd5 exd5 15. fxe5 dxe5 16. Nf5 d4 17. Bxa6 Rc7 18. Qd3 Qb8 19. Rhf1 Qb6 20. Rf2 Rg8 21. h3 h5 22. gxh5 Rh8 23. Qe2 Rc5 24. Bc4 Bh6 25. Bb3 Bf4 26. Nxd4 Bxh3 27. Nf5 Bxf5 28. exf5 Bg5 29. Qd3 Qc7 30. Qf3 Kf8 31. Rg2 Kg7 32. Qg4 Qb7 33. Rg3 Kh6 34. Rgd3 Rhc8 35. Rd7 R5c7 36. R7d6 Rc6 37. Rxc6 Qxc6 38. Qxb4 Qf3 39. Qd6 Qxf5 40. a4 e4 41. Bxf7 e3 42. Bg6 Qf2 43. Qe7 Bh4 44. Bd3 Kg5 45. Qg7+ Kf4 46. Rf1 Rxc2 47. Rxf2+ Rxf2 48. h6 Rd2 49. Bb5 e2 50. Bxe2 1-0

[Event "Southend Easter op 61st"]
[Site "Southend"]
[Date "2017.04.14"]
[Round "1"]
[White "Wadsworth, Matthew J"]
[Black "Cocks, Elliot"]
[Result "1-0"]
[WhiteElo "2292"]
[BlackElo "1974"]
[PlyCount "97"]
[EventDate "2017.04.14"]
[EventType "swiss"]
[EventRounds "7"]
[EventCountry "ENG"]
[SourceTitle "CBM 177 Extra"]
[Source "ChessBase"]
[SourceDate "2017.04.27"]
[SourceVersion "1"]
[SourceVersionDate "2017.04.27"]
[SourceQuality "1"]

1. c4 e5 2. g3 d6 3. Nc3 Be6 4. Bg2 Nc6 5. d3 g6 6. e4 Qd7 7. Nd5 Bg7 8. Ne2 Nd8 9. d4 Nc6 10. Be3 Nge7 11. h3 0-0 12. Nxe7+ Nxe7 13. d5 f5 14. dxe6 Qxe6 15. exf5 Qxf5 16. 0-0 Nc6 17. Rc1 Kh8 18. b3 a6 19. Qd2 Rfe8 20. Kh2 Qd7 21. Nc3 Nd4 22. Bxd4 exd4 23. Nd5 Rf8 24. Rce1 Rf7 25. Nf4 c5 26. Bd5 Rf6 27. Ne6 Rb8 28. Kg2 b5 29. Re2 b4 30. Rfe1 Bf8 31. Nxf8 Rbxf8 32. Qd3 a5 33. f4 Qg7 34. Re8 Qh6 35. Rxf8+ Qxf8 36. Qe4 Qd8 37. Qe8+ Rf8 38. Qxd8 Rxd8 39. Re7 Rf8 40. Kf3 Rd8 41. g4 Rf8 42. Ra7 Re8 43. Ra8 Rxa8 44. Bxa8 Kg7 45. Be4 Kf6 46. Bd3 Ke6 47. Ke4 h6 48. g5 h5 49. h4 1-0

[Event "BCF-chT4S 1617 (4NCL)"]
[Site "England"]
[Date "2017.03.18"]
[Round "7.82"]
[White "Cocks, Elliot"]
[Black "Jaufarally, Nadia"]
[Result "1-0"]
[WhiteElo "1990"]
[BlackElo "1664"]
[PlyCount "115"]
[EventDate "2016.11.26"]
[EventType "team-swiss"]
[EventRounds "11"]
[EventCountry "ENG"]
[SourceTitle "EXT 2019"]
[Source "ChessBase"]
[SourceDate "2018.10.10"]
[SourceVersion "1"]
[SourceVersionDate "2018.10.10"]
[SourceQuality "1"]
[WhiteTeam "Anglian Avengers III"]
[BlackTeam "D&D Utd"]
[WhiteTeamCountry "ENG"]
[BlackTeamCountry "ENG"]

1. Nf3 Nf6 2. d4 g6 3. c4 Bg7 4. Nc3 0-0 5. g3 d6 6. Bg2 c5 7. 0-0 Nc6 8. d5 Na5 9. Nd2 b6 10. Rb1 Ng4 11. Qc2 f5 12. b3 Qe8 13. Nf3 Bd7 14. Bf4 h6 15. h4 Rf7 16. Rbe1 Bf6 17. e4 g5 18. hxg5 hxg5 19. Bxg5 Bxg5 20. Nxg5 Rh7 21. Ne2 Qh5 22. Nh3 Ne5 23. Nef4 Nf3+ 24. Bxf3 Qxf3 25. Qe2 fxe4 26. Qxf3 exf3 27. Ng5 Rg7 28. Nxf3 Rf8 29. Kh1 Rh7+ 30. Nh2 Rf6 31. f3 Nb7 32. Kg1 Nd8 33. Rf2 Kf8 34. Nf1 Nf7 35. Rh2 Rxh2 36. Kxh2 Ne5 37. Kg2 Ng6 38. Nxg6+ Rxg6 39. Re4 Kf7 40. Ne3 Kf8 41. g4 Kf7 42. Kg3 Rh6 43. Ng2 Rh1 44. Re2 a6 45. Kf4 Rd1 46. Ne3 Rd4+ 47. Kg5 Rd3 48. Kh6 Rd4 49. Kg5 Rd3 50. f4 b5 51. f5 b4 52. Ng2 Be8 53. Nf4 Rg3 54. Ng6 Kg8 55. Nxe7+ Kg7 56. f6+ Kf8 57. Nf5 Rf3 58. Re7 1-0

[Event "BCF-ch U15"]
[Site "Bournemouth"]
[Date "2016.08.05"]
[Round "7"]
[White "Kalavannan, Koby"]
[Black "Cocks, Elliot"]
[Result "1/2-1/2"]
[WhiteElo "2131"]
[BlackElo "1756"]
[PlyCount "41"]
[EventDate "2016.07.31"]
[EventType "swiss"]
[EventRounds "7"]
[EventCountry "ENG"]
[SourceTitle "CBM 173 Extra"]
[Source "ChessBase"]
[SourceDate "2016.08.29"]
[SourceVersion "1"]
[SourceVersionDate "2016.08.29"]
[SourceQuality "1"]

1. d4 Nf6 2. c4 g6 3. Nc3 Bg7 4. Nf3 0-0 5. g3 d5 6. cxd5 Nxd5 7. Bg2 c5 8. 0-0 Nc6 9. Nxd5 Qxd5 10. Be3 Qh5 11. dxc5 Bxb2 12. Rb1 Bg7 13. Qa4 Rb8 14. Nh4 Bd7 15. Rfd1 Be8 16. Qc2 Qg4 17. Bf3 Qc8 18. Qb3 Nd8 19. Bg5 Qxc5 20. Be3 Qa5 21. Rd5 1/2-1/2

[Event "BCF-ch U15"]
[Site "Bournemouth"]
[Date "2016.08.01"]
[Round "3"]
[White "Cocks, Elliot"]
[Black "Varney, Daniel"]
[Result "1-0"]
[WhiteElo "1756"]
[BlackElo "1574"]
[PlyCount "51"]
[EventDate "2016.07.31"]
[EventType "swiss"]
[EventRounds "7"]
[EventCountry "ENG"]
[SourceTitle "CBM 173 Extra"]
[Source "ChessBase"]
[SourceDate "2016.08.29"]
[SourceVersion "1"]
[SourceVersionDate "2016.08.29"]
[SourceQuality "1"]

1. d4 Nf6 2. c4 g6 3. Nc3 d5 4. Bg5 c6 5. Bxf6 exf6 6. cxd5 cxd5 7. g3 Nc6 8. Bg2 Bb4 9. e3 Bf5 10. Nge2 0-0 11. 0-0 Bxc3 12. Nxc3 Ne7 13. Qb3 Bd3 14. Rfe1 Bc4 15. Qxb7 Rb8 16. Qxa7 Rxb2 17. Rab1 Rc2 18. Rec1 Qb8 19. Rxb8 Rxc1+ 20. Bf1 Rxb8 21. Qxb8+ Kg7 22. Qb2 Rxf1+ 23. Kg2 Nf5 24. Nxd5 Re1 25. Nc3 Bf1+ 26. Kf3 1-0

[Event "GBR-ch Major 103rd"]
[Site "Bournemouth"]
[Date "2016.07.30"]
[Round "6"]
[White "Boswell, Jacob Connor"]
[Black "Cocks, Elliot"]
[Result "1/2-1/2"]
[WhiteElo "1798"]
[BlackElo "1756"]
[PlyCount "42"]
[EventDate "2016.07.25"]
[EventType "swiss"]
[EventRounds "11"]
[EventCountry "ENG"]
[SourceTitle "CBM 173 Extra"]
[Source "ChessBase"]
[SourceDate "2016.08.29"]
[SourceVersion "1"]
[SourceVersionDate "2016.08.29"]
[SourceQuality "1"]

1. e4 c5 2. Nf3 d6 3. d4 cxd4 4. Nxd4 Nf6 5. Nc3 g6 6. Be3 Bg7 7. Be2 0-0 8. 0-0 Nc6 9. f4 Ng4 10. Bxg4 Bxd4 11. Bxd4 Bxg4 12. Qd2 Nxd4 13. Qxd4 Bd7 14. Rad1 Bc6 15. Nd5 Bxd5 16. exd5 Qa5 17. a3 Rac8 18. c3 Qc5 19. f5 Qxd4+ 20. Rxd4 Kg7 21. fxg6 hxg6 1/2-1/2